[Event "70th RUS-ch Superfinal Men 2017"]
[Site "St. Petersburg"]
[Date "2017.12.14"]
[Round "11"]
[White "Svidler, Peter"]
[Black "Malakhov, Vladimir"]
[Result "1-0"]
[WhiteElo "2765"]
[BlackElo "2686"]
[Annotator "TA"]
[PlyCount "81"]
[EventDate "2017.??.??"]
[EventType "tourn"]
[EventCountry "RUS"]
[SourceTitle "playchess.com"]
[Source "ChessBase"]
[SourceQuality "1"]

{[%evp 22,81,18,21,41,33,31,11,20,14,25,25,45,20,22,20,20,16,16,16,25,27,47,43,97,97,92,97,90,96,120,117,135,137,133,132,137,0,100,0,121,122,177,107,166,181,178,178,208,203,429,443,464,449,909,868,764,748,12822,1955,29994,29995]} 1. e4 e5 2. Nf3 Nc6 3. Bb5 Nf6 4. Nc3 Bb4 5. O-O O-O 6. d3 Bxc3 7. bxc3 d6 8. Bg5 Bd7 9. Rb1 a6 10. Ba4 {C49: Four Knights: 4 Bb5 Bb4} Rb8 11. Bb3 h6 12. Bh4 {LiveBook: 19 Games. The position is equal.} b5 $146 ({Predecessor:} 12... Qe7 13. d4 Rbd8 14. Re1 Na5 15. Qc1 Nxb3 16. cxb3 Rfe8 17. Rb2 Bg4 {1-0 (40) Naiditsch,A (2687)-Tomashevsky,E (2716) Doha 2016}) 13. h3 Re8 14. Qc1 Na5 15. Re1 Nxb3 16. cxb3 Bc6 17. c4 bxc4 18. Qxc4 Bb5 19. Bxf6 Qxf6 20. Qxc7 Rec8 21. Qa7 Bxd3 22. Rbd1 Bb5 ({Black should try} 22... Ra8 $14 23. Qd7 Rd8) 23. a4 $16 Ra8 {[#]} 24. Qb6 $1 Bc6 25. Rc1 Bd7 26. Rxc8+ Bxc8 27. Qc6 Rb8 28. Qc7 Ra8 29. Qc6 Rb8 30. Qc7 Ra8 {[#]} 31. Re3 $1 $36 {[%mdl 2048] White is in control.} Qg6 (31... Be6 $16 {was called for.}) 32. Nd2 (32. Nh4 $18 Qe6 33. Nf5) 32... Qe6 (32... Be6 $16) 33. Qd8+ Kh7 34. Rd3 Bb7 35. Qc7 Qc8 $2 (35... Bc8 36. Nc4 (36. Qxd6 Qxd6 37. Rxd6 Be6 $16) (36. Rxd6 Ra7 $18) 36... Qd7 37. Qxd7 (37. Qxd6 Qxd6 38. Rxd6 Be6 $18) 37... Bxd7 38. Rxd6 Be6) 36. Qxf7 $18 Qc6 37. Nc4 ({But not} 37. Rg3 Rg8 $18) 37... Qxe4 (37... Rg8 $142 38. Rxd6 Qxe4) 38. Rg3 {[%csl Gg3][%cal Rf7g7]} Rg8 39. Nxd6 Qb1+ 40. Kh2 {White wants to mate with Ne8.} Be4 41. Ne8 {Precision: White = 82%, Black = 30%.} 1-0

[Event "70th RUS-ch Superfinal Men 2017"]
[Site "St. Petersburg"]
[Date "2017.12.14"]
[Round "11"]
[White "Tomashevsky, Evgeny"]
[Black "Sjugirov, Sanan"]
[Result "1/2-1/2"]
[WhiteElo "2713"]
[BlackElo "2650"]
[Annotator "TA"]
[PlyCount "89"]
[EventDate "2017.??.??"]
[EventType "tourn"]
[EventCountry "RUS"]
[SourceTitle "playchess.com"]
[Source "ChessBase"]
[SourceQuality "1"]

{[%evp 35,89,26,26,9,10,7,12,0,0,0,9,0,21,17,26,33,38,0,18,11,23,15,0,0,4,0,0,0,0,0,0,0,0,0,0,0,0,0,0,0,0,0,0,0,0,0,0,0,1,0,0,0,2,2,8,4]} 1. d4 Nf6 2. c4 e6 3. Nc3 d5 4. cxd5 exd5 5. Bg5 c6 6. e3 Be7 7. Bd3 Nbd7 {[%cal Bb8d7,Bd7f8,Bf8e6,Be6g7,Bg7f5][%mdl 32]} 8. Qc2 Nf8 9. Nf3 Ne6 10. Bh4 g6 11. O-O O-O 12. Rab1 Ng7 13. b4 a6 14. a4 {[%cal Ba2a4,Ba4b5][%mdl 32]} Bf5 15. b5 axb5 {D36: Queen's Gambit Declined: Exchange Variation: Main line (5 Bg5 c6 6 Qc2)} 16. axb5 Bxd3 17. Qxd3 Nf5 18. Bxf6 Bxf6 {LiveBook: 17 Games} 19. Ra1 {[#]} Nd6 $146 ({Predecessor:} 19... Ra5 20. Nd2 Rxa1 21. Rxa1 {½-½ (58) Dreev,A (2670)-Beliavsky,A (2650) Reggio Emilia 1995}) 20. bxc6 bxc6 21. Ra6 Qc7 22. Rfa1 Qb7 23. Qe2 Rxa6 24. Qxa6 Qb2 25. Nd1 Qc2 26. Qa2 Qxa2 27. Rxa2 Ne4 28. Rc2 Ra8 {[#] And now ...Ra1 would win.The position is equal.} 29. Kf1 Ra6 30. Nc3 Nxc3 31. Rxc3 $11 {[%mdl 4096] Endgame KRB-KRN} Ra1+ 32. Ke2 Ra2+ 33. Kf1 Ra1+ 34. Ke2 Ra2+ 35. Ke1 Ra1+ 36. Kd2 Ra2+ 37. Rc2 Rxc2+ 38. Kxc2 {KB-KN} Kf8 39. Kb3 Ke7 40. Ne1 Kd6 41. Nd3 Kc7 42. Ka4 Kb6 43. h3 Be7 44. Ne5 f6 45. Nd3 {Precision: White = 65%, Black = 84%.} 1/2-1/2

[Event "70th RUS-ch Superfinal Men 2017"]
[Site "St. Petersburg"]
[Date "2017.12.14"]
[Round "11"]
[White "Dubov, Daniil"]
[Black "Inarkiev, Ernesto"]
[Result "1-0"]
[WhiteElo "2683"]
[BlackElo "2689"]
[Annotator "TA"]
[PlyCount "119"]
[EventDate "2017.??.??"]
[EventType "tourn"]
[EventCountry "RUS"]
[SourceTitle "playchess.com"]
[Source "ChessBase"]
[SourceQuality "1"]

{[%evp 22,119,13,9,2,19,23,20,54,54,58,46,47,53,124,131,118,106,121,88,86,52,39,38,46,34,50,15,20,13,5,10,13,10,15,20,17,12,22,0,0,0,0,-267,-294,-281,-283,-288,-285,-272,0,-8,-8,-8,-8,-8,-8,-8,-8,-8,59,64,83,95,58,29,29,37,166,139,191,189,330,385,374,286,504,281,273,258,379,214,1722,1463,4133,4723,29972,29968,29965,29964,29974,29974,29978,29979,29987,29988,29988,29989,29994,29994]} 1. d4 Nf6 2. c4 e6 3. Nf3 d5 4. g3 dxc4 5. Bg2 c5 6. O-O Nc6 7. Qa4 Bd7 8. Qxc4 b5 9. Qd3 c4 10. Qd1 Rc8 11. Ne5 {E04: Open Catalan: 5 Nf3} (11. b3 Be7 12. bxc4 bxc4 13. Nc3 O-O 14. Bd2 Nb4 15. Ne5 Be8 16. Be1 Nd7 17. a3 Nxe5 18. axb4 Nc6 19. Bxc6 Rxc6 {1-0 (43) Bosiocic,M (2619)-Yilmaz,M (2633) Heraklio 2017}) 11... Nxe5 12. dxe5 {LiveBook: 3 Games} Ng4 13. a4 $146 {The position is equal.} ({Predecessor:} 13. Qd4 h5 14. h3 Bc5 15. Qf4 Nh6 16. Nc3 f5 17. exf6 Qxf6 18. Ne4 Qxf4 19. Bxf4 {0-1 (38) Nemeth,D (2275)-Pokorna,R (2343) Austria 2014}) 13... bxa4 14. Bf4 Qa5 15. Nc3 {[%cal Rc3a4]} Nxe5 16. Nxa4 f6 17. Nc3 Qb6 (17... Qc7 $1 $14) 18. Bxe5 $16 fxe5 19. e3 g6 20. Qg4 {[%mdl 1024] White has strong compensation.} Be7 21. Rfd1 {Hoping for Rxd7!} Rc7 $1 22. Rd2 O-O 23. Rad1 Be8 24. h4 Kg7 25. h5 Rf5 26. hxg6 hxg6 27. Be4 Rg5 28. Qf3 Rh5 29. Kg2 a5 30. g4 Rh8 31. Qg3 Qc5 {...Bh4 is the strong threat.} 32. Nd5 $2 {[%mdl 8192]} (32. Rh1 $11 {and White has nothing to worry.}) 32... exd5 $19 33. Rxd5 Qb6 $1 34. g5 Rh5 ({Weaker is} 34... Qxb2 35. R5d2 $11) 35. Qxe5+ Kh7 $2 (35... Kg8 $19 36. Qf4 Rc5 37. Rxc5 Qxc5) 36. f4 c3 37. bxc3 Qb2+ 38. R5d2 $132 {[%mdl 2048] White is fighting back} Qxc3 39. Qe6 {Black should prevent Rd7!} Qg7 {White must now prevent ...Bf7.} 40. Bf3 $1 Rh4 (40... a4 $11) 41. Kg3 $1 $14 {[%cal Rg3h4] [#]} Rh5 $1 42. Bxh5 gxh5 43. Qf5+ Bg6 44. Qxa5 Rc3 (44... Qc3 $14 45. Qxc3 Rxc3) 45. Kf2 $18 {aiming for Rd7.} Rc5 {[#]} (45... Ra3 $16 46. Qd5 Ra7) 46. Qa7 $1 {Strongly threatening Rd7.} Rc6 (46... Rf5 {was worth a try.}) 47. Rd7 Re6 48. Qa2 Re4 $2 (48... Rb6) 49. R1d5 Qf7 {[#]} 50. Qd2 $1 Kg8 (50... Re6 $142 51. Ra5 Kg8 52. Ra8+ Kh7) 51. Ra5 (51. Rb5 $142) 51... Qe6 $2 (51... Bb4 52. Ra8+ Re8) 52. Ra8+ Kf7 53. Raa7 Qb3 54. Rdb7 {White mates.} Qc4 55. Rc7 Qb3 56. Rab7 Qa3 57. Qd5+ Kg7 {[#]} 58. Rxe7+ $1 {[%mdl 512]} Rxe7 (58... Qxe7 59. Qxe4) 59. Qe5+ $1 Kf8 60. Qh8+ {Precision: White = 71%, Black = 39%.} 1-0

[Event "70th RUS-ch Superfinal Men 2017"]
[Site "St. Petersburg"]
[Date "2017.12.14"]
[Round "11"]
[White "Riazantsev, Alexander"]
[Black "Matlakov, Maxim"]
[Result "1/2-1/2"]
[WhiteElo "2650"]
[BlackElo "2735"]
[Annotator "TA"]
[PlyCount "212"]
[EventDate "2017.??.??"]
[EventType "tourn"]
[EventCountry "RUS"]
[SourceTitle "playchess.com"]
[Source "ChessBase"]
[SourceQuality "1"]

{[%evp 12,212,11,0,2,-20,0,-25,0,-21,15,0,35,37,32,10,11,12,18,8,10,0,16,-15,-15,-15,-15,-26,-9,-10,0,-13,-13,-13,-7,-19,30,24,31,35,35,0,0,-5,-15,-15,41,15,70,-9,41,0,0,-20,-25,-29,-29,-88,-89,-104,-87,-97,-39,-131,-87,-122,-69,-117,-49,-182,-169,-211,-215,-215,-196,-199,-194,-209,-22,-6,0,0,0,0,0,0,350,385,342,335,417,0,-10,-70,-70,-70,-70,-70,-68,-68,-68,-68,-68,-68,-68,-68,-68,-69,-52,-75,-8,-8,-8,-76,0,-7,-20,-75,-70,-76,-76,-76,0,-68,-68,-68,-68,-68,-68,-68,-53,-52,-45,-80,-45,-76,-45,-80,-80,-80,-80,-80,-80,-80,-80,-80,-80,-81,-81,-81,-81,-81,-81,-81,-81,-81,-81,-81,-81,-81,-81,-81,-81,-81,-81,-81,-81,-81,-81,-81,-81,-81,-81,-81,-81,-81,-81,-81,-81,-81,-81,-81,-81,-81,-81,-83,-83,-83,-83,-83,-83,-83,-83,-83,-83,-83,-83,-83,-83,-83,-8,-8,-8]} 1. Nf3 d5 2. g3 g6 3. Bg2 Bg7 4. d4 Nf6 5. O-O O-O 6. Nbd2 a5 7. a4 {LiveBook: 5 Games. D02: 1 d4 d5 2 Nf3 sidelines, including 2...Nf6 3 g3 and 2...Nf6 3 Bf4} (7. c4 a4 8. cxd5 Qxd5 9. Nb1 Rd8 10. Bf4 Qa5 11. Qc1 Nc6 12. Na3 Nxd4 13. Nxd4 Rxd4 14. Qxc7 Nd5 15. Qxa5 Rxa5 {½-½ (51) Harikrishna,P (2755)-Mamedyarov,S (2772) Shamkir 2017}) 7... Nc6 8. Nb3 $146 ({Predecessor:} 8. c3 Re8 9. Re1 e5 10. dxe5 Nxe5 11. Nxe5 Rxe5 12. Nf3 Re8 13. Bg5 h6 14. Bxf6 Bxf6 {0-1 (66) Pezerovic,E (2447)-Iordachescu,V (2607) Bad Wiessee 2009}) 8... Re8 9. Bf4 Nh5 10. Be3 Bg4 11. c3 Bxf3 12. exf3 Nf6 13. f4 e6 14. Nc5 b6 15. Nd3 Ne7 16. g4 Qd6 17. f3 Rec8 18. Re1 c5 19. Bf1 cxd4 20. cxd4 Nc6 21. Qd2 Ne8 22. Ne5 Nb4 23. Rac1 f6 24. Nd3 Nxd3 25. Bxd3 f5 26. Kg2 Kf7 27. b3 Bf8 28. Bf2 Qb4 ({Black should play} 28... Ng7 $11) 29. Qe3 Qd6 (29... Ng7 $11) 30. Qd2 (30. Bh4 $14) 30... h5 31. h3 hxg4 32. fxg4 Nf6 33. Qe3 Ne4 34. Bxe4 (34. h4 $11) 34... dxe4 $17 35. Rc4 Rxc4 36. bxc4 Qb4 (36... Rc8 $17 37. Rc1 Qc6) 37. c5 (37. d5 $15 Qxc4 38. dxe6+ Qxe6 39. Qxb6 Qxb6 40. Bxb6) 37... bxc5 38. dxc5 Rc8 (38... Qxa4 39. gxf5 gxf5 40. Qe2) (38... Be7 $17 39. Rc1 Qxa4 40. gxf5 exf5) 39. Rc1 Qxa4 ({Better is} 39... Be7 $1 $17 40. Qd4 Qa3) 40. Qc3 (40. gxf5 $1 $15 exf5 41. Qd2) 40... Qc6 $19 41. Be3 a4 42. Rb1 Be7 (42... Bxc5 43. Bxc5 e3+ 44. Kg3 $11) 43. g5 Qa6 44. Kf2 {intending Qe5.} a3 $2 (44... Qd3 $1 $19 {[%cal Rd3c3]} 45. Qxd3 exd3) 45. Qe5 $1 $11 Rd8 {Hoping for ...a2.} 46. Rb6 $1 Qc8 $1 ({Don't blunder} 46... Qc4 $2 47. Rb7 $18) 47. c6 {aiming for Rb7.} Rd5 48. Qa1 {Threatens to win with Rb7.} a2 $2 {[%mdl 8192]} (48... Qd8 $1 $11 49. Rb7 Rd2+ 50. Kg3 Rb2 51. Rxb2 axb2 52. Qxb2 Qd3) 49. Rb7 $1 $18 {White wants to mate with Qf6+.} e5 50. Qxa2 Qxc6 51. Qa7 $2 (51. Rb6 $18 Qd7 52. fxe5) 51... Qd6 52. Rb6 (52. Kg2 $1 $11) 52... Qa3 $36 {[%mdl 2048] Black has some pressure.} 53. Rf6+ Kg7 54. Qxa3 Bxa3 55. fxe5 {[%mdl 4096] Endgame KRB-KRB} Bb2 56. Re6 Kf7 ({But not} 56... Bxe5 $2 57. Rxe5 $1 {[%mdl 512]} Rd3 58. Re6 $18) 57. Rf6+ $1 Ke7 $1 58. Rxg6 Bxe5 59. Ra6 Rb5 60. g6 Rb2+ (60... f4 $17 61. Bxf4 Bxf4) 61. Kf1 $11 Rb1+ 62. Ke2 {[#]} (62. Kf2 $11) 62... Rb2+ (62... f4 $1 $17 {White must now prevent ...Rb2+.} 63. Bxf4 (63. Bc5+ Kd7 $17) 63... Bxf4) 63. Kf1 f4 {[#]} 64. Bxf4 $1 {[%mdl 512]} Bxf4 {KRB-KR} 65. Ra4 Rb1+ 66. Ke2 Rb2+ 67. Kf1 Kf6 68. Rxe4 Bh6 69. Rg4 Rh2 70. Rg3 Ra2 71. Rg4 Bg7 72. Rg2 Ra1+ 73. Ke2 Rh1 74. Kd3 Rxh3+ 75. Ke4 Bh6 76. g7 Bxg7 77. Ra2 Rh1 78. Ra6+ Kg5 79. Ra2 Re1+ 80. Kd3 Be5 81. Re2 {[#]} Rd1+ $1 82. Rd2 Ra1 83. Ke4 Re1+ 84. Kd3 Kf5 85. Ra2 Rd1+ 86. Ke2 Rh1 87. Ra8 Ke4 88. Re8 Rh2+ 89. Ke1 Ra2 90. Re7 Kf4 91. Kd1 Bd4 92. Re2 Ra1+ 93. Kc2 Be3 {...Kf3 is the strong threat.} 94. Kd3 Rd1+ 95. Kc4 Ke4 96. Rh2 Rc1+ 97. Kb5 Bd4 98. Rh4+ Kd5 99. Rh5+ Be5 100. Rg5 Rb1+ 101. Ka5 Kd6 102. Ka4 Rb8 103. Rh5 Kd5 104. Ka5 Re8 105. Kb5 Rh8 ({Black should try} 105... Re7 $17) 106. Rxh8 Bxh8 {Precision: White = 52%, Black = 65%.} 1/2-1/2

[Event "70th RUS-ch Superfinal Men 2017"]
[Site "St. Petersburg"]
[Date "2017.12.14"]
[Round "11"]
[White "Volkov, Sergey"]
[Black "Vitiugov, Nikita"]
[Result "0-1"]
[WhiteElo "2645"]
[BlackElo "2722"]
[Annotator "TA"]
[PlyCount "64"]
[EventDate "2017.??.??"]
[EventType "tourn"]
[EventCountry "RUS"]
[SourceTitle "playchess.com"]
[Source "ChessBase"]
[SourceQuality "1"]

{[%evp 15,64,16,8,8,15,-5,-18,-47,-30,-28,-25,-78,-75,-247,-242,-248,-247,-254,-241,-249,-241,-293,-282,-304,-279,-300,-276,-342,-288,-439,-429,-680,-677,-705,-654,-692,-684,-749,-778,-772,-752,-712,-757,-29995,-29996,-29996,-29997,-29997,-29998,-29998,-29999]} 1. d4 Nf6 2. c4 e6 3. Nc3 Bb4 4. f3 d5 5. a3 Be7 6. e4 dxe4 {E20: Nimzo-Indian: 4 g3 and 4 f3} 7. fxe4 c5 8. d5 exd5 {LiveBook: 3 Games. The position is equal.} 9. exd5 (9. cxd5 Bd6 10. Bb5+ Nbd7 11. Bg5 O-O 12. Nf3 Qc7 13. Bxd7 Nxd7 14. O-O {0-1 (51) Tabatabaei,M (2566)-Maghsoodloo,P (2560) Teheran 2017}) 9... O-O 10. Bf4 $146 ({Predecessor:} 10. Nf3 Re8 11. Be2 a6 12. Qc2 Bd6 13. Bg5 h6 14. Bh4 Bf4 {½-½ (14) Asgeirsson,H (2118)-Thorsteinsson,T (2277) Reykjavik 2005}) 10... Re8 {[%cal Bf8e8,Be8e3,Be3c3][%mdl 32]} 11. Be2 $1 Bg4 12. Qd2 $1 Nh5 13. Be3 (13. O-O-O $11 {was the only way to keep the balance.}) 13... Bd6 $17 14. O-O-O $2 {[#]} (14. g3 $17 {was worth a try.} Nf6 15. Bf4) 14... Rxe3 $1 $19 {[%mdl 512]} 15. Bxg4 {[#]} (15. Qxe3 Bf4) 15... Rxc3+ $1 {[%mdl 512]} 16. Qxc3 {Threatens to win with Nf3.} ({But not} 16. bxc3 Bf4 $19) 16... Qg5+ 17. Kb1 {And now Bh3 would win.} Qxg4 18. Nf3 Nd7 19. g3 a6 20. Rhe1 Nhf6 21. Nd2 b5 22. a4 (22. Qc2 {was the only defense.}) 22... bxa4 23. Qa5 (23. Ka2 $142) 23... Rb8 24. Ka2 Be5 {Hoping for ...Qd4.} 25. Rb1 Qd4 {[%cal Rb8b2]} 26. Qc3 {[#]} Nxd5 $1 27. cxd5 Qxd5+ 28. Qc4 Qxd2 29. Red1 Rxb2+ {Black mates.} 30. Ka3 Qb4+ 31. Qxb4 cxb4+ 32. Kxa4 Nc5+ {Precision: White = 28%, Black = 80%.} 0-1

[Event "70th RUS-ch Superfinal Men 2017"]
[Site "St. Petersburg"]
[Date "2017.12.14"]
[Round "11"]
[White "Romanov, Evgeny"]
[Black "Fedoseev, Vladimir"]
[Result "1/2-1/2"]
[WhiteElo "2626"]
[BlackElo "2718"]
[Annotator "TA"]
[PlyCount "80"]
[EventDate "2017.??.??"]
[EventType "tourn"]
[EventCountry "RUS"]
[SourceTitle "playchess.com"]
[Source "ChessBase"]
[SourceQuality "1"]

{[%evp 21,80,16,34,3,36,0,0,0,0,0,0,0,0,-20,-4,-10,-10,-14,-17,-11,0,0,0,0,32,-30,11,1,12,12,44,35,44,0,0,0,8,0,41,0,27,13,108,131,146,0,0,0,0,0,50,54,151,144,143,8,8,8,8,8,8]} 1. c4 f5 2. d4 Nf6 3. g3 g6 4. Bg2 Bg7 5. Nc3 d6 6. Nf3 O-O 7. O-O c6 8. b3 Na6 9. Bb2 Qc7 10. d5 e5 11. dxe6 Bxe6 {LiveBook: 31 Games} 12. Nd4 {A88: Dutch Defence: Leningrad System: 5 Nf3 0-0 6 0-0 d6 7 Nc3 c6} (12. Qc2 Rae8 13. Rad1 Nc5 14. e3 Qe7 15. Ne2 Nfe4 16. Bxg7 Kxg7 17. Nd2 Nf6 18. b4 Nce4 19. Rc1 Bf7 {½-½ (94) Postny,E (2569)-Cheparinov,I (2695) Mali Losinj 2017}) 12... Bd7 13. Qc2 $146 ({Predecessor:} 13. e4 fxe4 14. Nxe4 Nxe4 15. Bxe4 Nc5 16. Bg2 Rad8 17. Qd2 Bc8 18. Rfe1 Qf7 19. f4 Rfe8 {½-½ (59) Cruz,W (2254)-Pacheco,H (2089) Sao Paulo 2015}) 13... f4 14. Rad1 fxg3 15. hxg3 Rae8 16. Nf3 Nc5 17. b4 Bf5 18. Qd2 Nce4 19. Nxe4 Nxe4 20. Qc1 c5 21. b5 g5 22. Nd2 {[%cal Bf3d2,Bd2b1,Bb1c3,Bc3e4][%mdl 32]} Nf6 23. Rde1 ({Better is} 23. Rfe1 $14) 23... g4 24. Nb1 Be6 25. Rd1 Rd8 26. Bxf6 Bxf6 27. Bd5 Bxd5 28. Rxd5 Rde8 29. Nc3 Qf7 30. Qc2 Kh8 31. Qd3 (31. b6 $5) 31... Be5 (31... Bd4 $11 {remains equal.} 32. e3 Bxc3 33. Qxc3+ Qf6 34. Qxf6+ Rxf6) 32. Ne4 $36 {[%mdl 2048] White is on the roll.} Qh5 33. f4 (33. Nxd6 $16 Rf6 34. Qd2) 33... gxf3 $1 $11 34. Rxf3 Rxf3 35. exf3 Qg6 36. Kg2 h5 {[#]} (36... Rf8 $14) 37. f4 $1 $16 {[%cal Rf4e5]} Bxf4 38. Nxd6 (38. Nxc5 $1 $16 Rg8 39. Qxg6 (39. Nxb7 Qxg3+ 40. Qxg3 Rxg3+ 41. Kf2 Kg7 $14) 39... Rxg6 40. Rxh5+ Kg7 41. Ne4 (41. Nxb7 Rxg3+ 42. Kf1 Rf3+ 43. Ke2 Re3+ 44. Kd1 Rc3 $14)) 38... Qxd3 $11 {The position is equal.} 39. Rxd3 Bxd6 $1 40. Rxd6 {Threatens to win with Rd7.} Re2+ {Precision: White = 39%, Black = 37%.} 1/2-1/2

[Event "70th RUS-ch Superfinal Men 2017"]
[Site "St. Petersburg"]
[Date "2017.12.14"]
[Round "12.1"]
[White "Vitiugov, Nikita"]
[Black "Svidler, Peter"]
[Result "0-1"]
[WhiteElo "2722"]
[BlackElo "2765"]
[Annotator "TA"]
[PlyCount "94"]
[EventDate "2017.??.??"]
[EventType "tourn"]
[EventCountry "RUS"]
[SourceTitle "playchess.com"]
[Source "ChessBase"]
[SourceQuality "1"]

{[%evp 11,94,0,0,-6,3,5,5,4,6,0,22,26,17,0,0,-2,3,0,2,-17,-17,-15,-17,-43,-44,-31,-29,-53,-42,-49,0,0,0,0,0,0,13,14,8,4,13,0,0,0,0,0,0,0,0,-60,-65,-31,0,0,0,-31,-24,-36,-27,-27,-29,-70,-64,-76,-72,-148,-144,-158,-147,-151,-69,-140,-80,-135,-57,-152,-116,-186,-70,-1383,-1384,-1070,-1073,-1640,-1466]} 1. d4 Nf6 2. Bg5 e6 3. Nd2 h6 4. Bh4 d5 5. e3 c5 6. c3 {A45: Trompowsky Attack} Nbd7 {LiveBook: 12 Games} (6... Nc6 7. Bd3 Qb6 8. Rb1 e5 9. Ne2 cxd4 10. exd4 e4 11. Bc2 g5 12. Bg3 Bg7 {½-½ (54) Andreikin,D (2736)-Eljanov,P (2755) Wijk aan Zee 2017}) 7. Bd3 e5 8. Ne2 $146 {The position is equal.} ({Predecessor:} 8. dxe5 Nxe5 9. Bb5+ Bd7 10. Bxd7+ Qxd7 11. Ndf3 Nc6 12. Bxf6 gxf6 {1-0 (38) Doric,N (2408)-Levar,N (2249) Kostrena 2002}) 8... Be7 9. O-O O-O 10. Bg3 exd4 11. exd4 Re8 12. dxc5 Nxc5 13. Bb5 Bd7 14. Bxd7 Qxd7 15. Nd4 Nfe4 16. N2f3 Bf6 17. Nb3 Na4 18. Qc2 Rac8 19. Rad1 b5 {And now ...b4! would win.} 20. a3 Nxg3 21. hxg3 Nb6 22. Nbd4 {[%cal Bb3d4,Bd4e2,Be2f4,Bf4h5][%mdl 32]} Nc4 23. Ne2 Qb7 24. Nf4 Rcd8 25. Nh5 Be7 26. Nd4 (26. Rd3 {keeps more tension.} Nd6 27. Nf4 Ne4 28. Qd1 Bc5 29. Nxd5 Qc8 30. b4) 26... g6 27. Nf4 {aiming for Nxg6!} Bf6 28. Rfe1 Re4 29. Nf3 a5 30. Nd2 (30. Rf1 $11 Ree8 31. Rfe1) 30... Rxe1+ 31. Rxe1 b4 (31... d4 {feels hotter.} 32. cxd4 Bxd4 33. Nxc4 bxc4 34. Rd1 Qb6) 32. axb4 axb4 33. Nxc4 dxc4 34. cxb4 Qxb4 35. Rc1 Rd4 36. Qe2 Kg7 37. Rc2 h5 38. Kh2 {[#]} (38. Nh3 $142) 38... h4 $1 $17 39. Qf3 hxg3+ 40. fxg3 Qd6 (40... Rd8 $17 41. Qe2 Rh8+ 42. Nh3 Qb8 43. Rxc4 Bxb2) 41. Rf2 (41. b3 $15) 41... Qe5 (41... Qd8 $142 42. Re2 Rd2 43. Rxd2 Qxd2) 42. Re2 (42. b3 $142) 42... Qf5 (42... Qb5 $17 43. Rf2 Qf5) 43. Rf2 ({White should try} 43. Re8 $15) 43... Be5 44. Qe3 (44. Re2 $17) 44... Qe4 (44... Re4 $19 45. Qf3 Re1) 45. Nh5+ $2 {[%mdl 8192] [#]} (45. Qxe4 $15 Rxe4 46. Rc2) 45... gxh5 $19 {Black is clearly winning.} 46. Qg5+ Kf8 47. Qh6+ Ke8 {Precision: White = 40%, Black = 57%.} 0-1

[Event "70th RUS-ch Superfinal Men 2017"]
[Site "St. Petersburg"]
[Date "2017.12.14"]
[Round "12.2"]
[White "Svidler, Peter"]
[Black "Vitiugov, Nikita"]
[Result "1-0"]
[WhiteElo "2765"]
[BlackElo "2722"]
[Annotator "TA"]
[PlyCount "35"]
[EventDate "2017.??.??"]
[EventType "tourn"]
[EventCountry "RUS"]
[SourceTitle "playchess.com"]
[Source "ChessBase"]
[SourceQuality "1"]

{[%evp 9,35,0,75,31,124,96,160,145,162,147,145,145,218,203,278,206,206,206,212,200,180,162,262,182,338,267,433,460]} 1. c4 e5 {[%cal Be7e5,Be5e4][%mdl 32]} 2. Nc3 Nc6 3. Nf3 f5 4. d4 e4 5. d5 Nce7 (5... exf3 $11 {keeps the balance.} 6. dxc6 fxg2 7. cxd7+ (7. Bxg2 dxc6 8. Qxd8+ Kxd8 $11) 7... Qxd7 8. Qxd7+ (8. Bxg2 Qxd1+ 9. Kxd1 c6 $11) 8... Bxd7 9. Bxg2 O-O-O) (5... exf3 6. dxc6 fxg2 7. cxd7+ Qxd7 8. Bxg2 Qxd1+ 9. Kxd1 c6 10. Be3 Nf6 11. h3 Be6 12. b3 Nd7 13. Kc2 Bc5 14. Bxc5 Nxc5 15. f4 Ke7 16. h4 Rhd8 17. Rad1 Rxd1 18. Rxd1 a5 19. Rd4 Rf8 20. a3 Ra8 21. e4 fxe4 22. Bxe4 {½-½ (22) Le,Q (2718)-Ghaem Maghami,E (2551) Tashkent 2016}) 6. Nd4 {[#] d6! is the strong threat. A27: English Opening: Three Knights Variation} d6 (6... c5 $1 $14) 7. f3 {[%cal Bf2f3,Bf3e4][%mdl 32]} Ng6 $146 (7... Nf6 $142) ({Predecessor:} 7... exf3 8. exf3 g6 9. Bd3 Bg7 10. Bc2 Kf7 11. O-O c5 12. dxc6 bxc6 13. Bb3 {1-0 (26) Schian,T (2215)-Von Herman,U (2345) Berlin 1995}) 8. fxe4 {White is clearly better.} f4 9. g3 fxg3 10. hxg3 Nf6 {[#]} (10... Be7 $16 11. Bh3 Bxh3) 11. Bh3 $1 $18 Ng4 12. Ne6 Bxe6 13. dxe6 N4e5 14. Bf5 c6 15. Be3 Qc7 (15... Be7 $142 16. Qb3 O-O) 16. Qb3 Ne7 $2 (16... Be7 {was worth a try.} 17. Bd4 O-O 18. Bxe5 Nxe5) 17. O-O-O b6 $2 (17... O-O-O 18. Bxa7 (18. Bxh7 Qa5 $18) 18... b5) 18. Bf4 {Precision: White = 75%, Black = 21%.} 1-0